[Event "R1 CEIT4-Gambit Muret2"]
[Site "CEIT"]
[Date "2005.01.09"]
[Round "4.4"]
[White "Fora, Jean-Paul"]
[Black "Lenoir, Patrice"]
[Result "0-1"]
[WhiteElo "1680"]
[BlackElo "1470"]
[EventDate "2005.??.??"]
[PlyCount "130"]

1.c4 c5 2.Nf3 Nf6 3.d4 cxd4 4.Nxd4 b6 5.Nc3 Bb7 6.e3 e6 7.b3 Be7 8.Nf3 O-O
9.Be2 a6 10.O-O Qc7 11.Bb2 Rd8 12.Qc2 d5 13.cxd5 exd5 14.Rac1 Nc6 15.Rfd1 
Rac8 16.Nb1 Qb8 17.Ba3 Bxa3 18.Nxa3 Nb4 19.Qb2 Nc6 20.Nc2 Rc7 21.Ncd4 Qc8 
22.Nxc6 Rxc6 23.Rxc6 Qxc6 24.Rc1 Qd6 25.Nd4 Rc8 26.a3 Rxc1+ 27.Qxc1 Qd7 
28.Qc2 g6 29.g3 Qd6 30.b4 Kf8 31.Qa4 b5 32.Qc2 Nd7 33.Nb3 Nb6 34.Qc3 Kg8 
35.Bg4 f5 36.Be2 Bc8 37.Nc5 Nc4 38.Bf3 Be6 39.Qf6 Bf7 40.Qxd6 Nxd6 41.Nxa6
Nc4 42.Nc7 Nxa3 43.Bxd5 Bxd5 44.Nxd5 Kf7 45.Nc7 Ke7 46.Kf1 Kd6 47.Ne8+ Kc6
48.Nf6 Nc2 49.e4 fxe4 50.Nxe4 Nxb4 51.Ke2 Kd5 52.Nf6+ Kd4 53.Nxh7 Nd3 54.
Ng5 b4 55.Nf3+ Kc3 56.Nd2 Nxf2 57.Nb1+ Kc2 58.Kxf2 Kxb1 59.h4 Kc2 60.g4 b3
61.h5 gxh5 62.gxh5 b2 63.h6 b1=Q 64.h7 Qb6+ 65.Ke1 Qd8 0-1

[Event "R1 CEIT4-Gambit Muret2"]
[Site "CEIT"]
[Date "2005.01.09"]
[Round "4.3"]
[White "Laffont, Jean-Christophe"]
[Black "Le Digabel, Patrick"]
[Result "1/2-1/2"]
[WhiteElo "1530"]
[BlackElo "1600"]
[EventDate "2005.??.??"]
[PlyCount "103"]

1.f4 Nf6 2.e3 d6 3.Nf3 e5 4.fxe5 dxe5 5.Nxe5 Bd6 6.Nf3 O-O 7.Be2 b6 8.d3 
Re8 9.e4 Nc6 10.O-O Bb7 11.Nc3 a6 12.Bg5 Be7 13.e5 Nxe5 14.Nxe5 Qd4+ 15.
Kh1 Qxe5 16.Bf4 Qc5 17.Bf3 c6 18.Ne4 Nxe4 19.Bxe4 Bf6 20.Rb1 Rad8 21.c3 
Rxe4 22.Qf3 Re6 23.d4 Qe7 24.Qg4 Re8 25.Qg3 Bh4 26.Qd3 Bg5 27.Bxg5 Qxg5 
28.Qf3 Rf6 29.Qd3 Rxf1+ 30.Rxf1 c5 31.Qc2 cxd4 32.cxd4 Qh4 33.Qf5 f6 34.
Qd7 Bxg2+ 35.Kg1 Qe4 36.Rf2 Kf8 37.Qd6+ Kg8 38.Qd7 h6 39.h4 Bf3 40.Rxf3 
Qe1+ 41.Kg2 Re2+ 42.Kh3 Qh1+ 43.Kg4 Re4+ 44.Kg3 Qxh4+ 45.Kg2 Rg4+ 46.Kf1 
Qh1+ 47.Ke2 Re4+ 48.Re3 Qg2+ 49.Kd3 Rxe3+ 50.Kxe3 Qxb2 51.Qe6+ Kh8 52.Qe8+
1/2-1/2

[Event "R1 CEIT4-Gambit Muret2"]
[Site "CEIT"]
[Date "2005.01.09"]
[Round "4.2"]
[White "Flourac, Jean-Paul"]
[Black "Tovar Gonzales, Jesus Antonio"]
[Result "1-0"]
[WhiteElo "1680"]
[BlackElo "1570"]
[EventDate "2005.??.??"]
[PlyCount "75"]

1.d4 f5 2.e4 fxe4 3.Nc3 Nf6 4.f3 d5 5.fxe4 dxe4 6.Bg5 Nbd7 7.d5 h6 8.Bxf6 
Nxf6 9.Qd4 c6 10.O-O-O Bg4 11.Be2 Bxe2 12.Ngxe2 Qd6 13.Nxe4 Nxe4 14.Qxe4 
c5 15.Nf4 O-O-O 16.Ng6 Rg8 17.Qe6+ Qxe6 18.dxe6 Kc7 19.Rhf1 Rd6 20.Rxf8 
Rxf8 21.Nxf8 Rxd1+ 22.Kxd1 Kd6 23.Kd2 Ke5 24.Ke3 b6 25.c4 g5 26.g4 a6 27.
b3 Kd6 28.Ke4 b5 29.a3 bxc4 30.bxc4 Kc6 31.Ke5 Kb6 32.Kd5 a5 33.a4 Kc7 34.
Kxc5 Kd8 35.Kc6 Ke8 36.c5 Kxf8 37.Kd7 Kg7 38.Kxe7 1-0

[Event "R1 CEIT4-Gambit Muret2"]
[Site "CEIT"]
[Date "2005.01.09"]
[Round "4.1"]
[White "Favarel, Alexis"]
[Black "Phan, Van-Chuong"]
[Result "1/2-1/2"]
[WhiteElo "1640"]
[BlackElo "1780"]
[EventDate "2005.??.??"]
[PlyCount "114"]

1.e4 e6 2.d4 d5 3.exd5 exd5 4.Nc3 Nf6 5.Bg5 c6 6.Bd3 Be7 7.Qd2 Qb6 8.O-O-O
Qxd4 9.Nb5 Qb6 10.Nc3 Nbd7 11.h3 Nc5 12.Be3 Nxd3+ 13.Qxd3 Qa5 14.Kb1 Be6 
15.Nge2 Ne4 16.f3 Nxc3+ 17.Qxc3 Qxc3 18.Nxc3 O-O-O 19.Bxa7 Kc7 20.Bf2 c5 
21.Rhe1 Kc6 22.Re2 Bf6 23.g4 Ra8 24.a3 Bxc3 25.bxc3 Rxa3 26.Kb2 Rha8 27.
Rb1 Ra2+ 28.Kc1 R8a4 29.Rb2 Ra1+ 30.Rb1 b5 31.Kb2 R4a2+ 32.Kc1 Ra3 33.Re3 
g5 34.Kb2 R3a2+ 35.Kc1 Kd7 36.Re1 Kd6 37.Bg3+ Kc6 38.Re5 h6 39.h4 gxh4 40.
Bxh4 Rxb1+ 41.Kxb1 Ra4 42.Bg3 Ra8 43.Rh5 Rh8 44.Kc1 d4 45.cxd4 cxd4 46.Be5
Rh7 47.Bxd4 Bd5 48.Be3 Bxf3 49.Rxh6+ Rxh6 50.Bxh6 Bxg4 51.c3 Kd5 52.Kd2 
Ke4 53.Ke1 Kf3 54.Kf1 f5 55.Kg1 f4 56.Bg7 Ke4 57.Kf2 Kd3 1/2-1/2

[Event "NAT4-R4- Foix / Loures Barousse"]
[Site "?"]
[Date "2005.01.09"]
[Round "4"]
[White "Molet, Patrice"]
[Black "David, Philippe"]
[Result "1-0"]
[WhiteElo "1499"]
[BlackElo "1410"]
[EventDate "2005.??.??"]
[Annotator "manu,e"]
[PlyCount "89"]

1.e4 d5 2.exd5 Qxd5 3.Nc3 Qa5 4.Nf3 Nf6 5.Bc4 Bf5 6.d3 e6 7.O-O Bb4 8.Nd4 
c6 9.Bd2 O-O 10.a3 Bd6 11.Ne4 Bxh2+ 12.Kh1 Qc7 13.Nxf6+ gxf6 14.Nxf5 exf5 
15.g3 Kh8 16.Bf4 Qb6 17.Bxb8 Raxb8 18.Kxh2 Qc7 19.Qh5 f4 20.Qf3 fxg3+ 21.
fxg3 Rg8 22.Qxf6+ Rg7 23.Rf3 Re8 24.d4 b5 25.Bd3 Re6 26.Qf4 Qxf4 27.Rxf4 
Rg5 28.Raf1 Rh6+ 29.Rh4 Rxh4+ 30.gxh4 Rg7 31.Rf3 h6 32.Rg3 f6 33.Rxg7 Kxg7
34.Be4 Kf7 35.Kg3 Ke6 36.Kf4 Kd6 37.Kf5 c5 38.d5 c4 39.b3 c3 40.Kxf6 a5 
41.Kg6 Ke5 42.Bd3 b4 43.a4 Kxd5 44.Kxh6 Ke5 45.Kg6 1-0

[Event "NAT4-R4- Foix / Loures Barousse"]
[Site "?"]
[Date "2005.01.09"]
[Round "4"]
[White "Mauge, Christian"]
[Black "Lavole, Olivier"]
[Result "0-1"]
[WhiteElo "1690"]
[BlackElo "810"]
[EventDate "2005.??.??"]
[PlyCount "144"]

1.b4 e5 2.Bb2 Bxb4 3.Bxe5 Nf6 4.c3 Be7 5.Bxf6 Bxf6 6.e3 O-O 7.g3 d5 8.Bh3 
Bxh3 9.Nxh3 c5 10.Nf4 d4 11.Qb3 Qd7 12.Qd5 Qxd5 13.Nxd5 Be5 14.cxd4 cxd4 
15.f4 Bd6 16.exd4 Nc6 17.O-O Nxd4 18.Nbc3 Rfe8 19.Kg2 Rad8 20.Rae1 h6 21.
Re4 Rxe4 22.Nxe4 Bb8 23.Nec3 Kf8 24.Re1 Re8 25.Re4 Rxe4 26.Nxe4 b6 27.Kf2 
f5 28.Nec3 Bd6 29.Ke3 Bc5 30.Na4 Nc2+ 31.Ke2 Bd6 32.Nac3 h5 33.Nb5 Bb8 34.
Nbc7 Kf7 35.Na6 Bd6 36.Nc3 Nb4 37.Nb5 Nxa6 38.Nxd6+ Ke6 39.Nc8 Nb4 40.Nxa7
Nxa2 41.Nb5 g6 42.Kd3 Nb4+ 43.Kc4 Nd5 44.Nd4+ Kd6 45.Kb5 Kd7 46.Nc6 Ke6 
47.h4 Kd6 48.Ne5 Nf6 49.d3 Nd5 50.Nxg6 Kc7 51.Ne5 Nc3+ 52.Kc4 Ne2 53.Ng6 
Nxg3 54.Kb5 Ne2 55.Kc4 Kd6 56.d4 b5+ 57.Kd3 Ng3 58.Ne5 Kd5 59.Nf3 b4 60.
Nd2 Nh1 61.Nb3 Nf2+ 62.Ke3 Nd1+ 63.Kd2 Nc3 64.Kd3 Nb5 65.Ke3 Kc4 66.Nd2+ 
Kc3 67.Nb1+ Kc2 68.Nd2 b3 69.Nc4 b2 70.Nxb2 Kxb2 71.Kd3 Kb3 72.Ke3 Kc4 0-1

[Event "NAT4-R4- Foix / Loures Barousse"]
[Site "?"]
[Date "2005.01.09"]
[Round "4"]
[White "Cordier, Michel"]
[Black "Carinola, Marco"]
[Result "0-1"]
[WhiteElo "1510"]
[BlackElo "1600"]
[EventDate "2005.??.??"]
[PlyCount "102"]

1.d4 Nf6 2.c4 e6 3.Nf3 b6 4.Nc3 Bb7 5.Bg5 Bxf3 6.exf3 Bb4 7.Qd3 O-O 8.Be2 
h6 9.Bh4 Re8 10.O-O Be7 11.Ne4 Nc6 12.a3 Nh5 13.Bxe7 Qxe7 14.g3 d5 15.cxd5
exd5 16.Nc3 Qd7 17.Rfe1 Ne7 18.Rac1 c6 19.f4 Nf6 20.Bf3 Nf5 21.Re5 Nd6 22.
Rce1 Nc4 23.R1e2 Nxe5 24.fxe5 Nh7 25.h4 Nf8 26.Nd1 Ne6 27.Bg4 Qc7 28.Nc3 
Rad8 29.f4 c5 30.Nb5 Qe7 31.Bxe6 fxe6 32.Nd6 c4 33.Qc3 Rf8 34.Kg2 g5 35.
hxg5 hxg5 36.Qf3 Qg7 37.Kf1 Qg6 38.Qg4 Kg7 39.Qf3 g4 40.Qc3 Rh8 41.Rg2 
Rh1+ 42.Kf2 Qb1 43.Ke3 Rdh8 44.Qd2 Re1+ 45.Kf2 Rhh1 46.Ne8+ Kf7 47.Nd6+ 
Ke7 48.Rg1 Rh2+ 49.Rg2 Rf1+ 50.Ke3 Rf3+ 51.Ke2 Rxg2# 0-1

[Event "N4R4-Colomiers1-Lardenne"]
[Site "Colomiers"]
[Date "2005.01.09"]
[Round "4.8"]
[White "Muratet, Lucas"]
[Black "Nguyen, Sebastien"]
[Result "1-0"]
[WhiteElo "1580"]
[BlackElo "1450"]
[EventDate "2005.??.??"]
[PlyCount "70"]

1.Nf3 d5 2.d4 Nf6 3.c4 e6 4.Nc3 c5 5.dxc5 Bxc5 6.e3 O-O 7.cxd5 exd5 8.Bd3 
Nc6 9.O-O Bg4 10.Re1 Re8 11.Bb5 d4 12.Bxc6 dxe3 13.Bxe3 Rxe3 14.Qxd8+ Rxd8
15.fxe3 bxc6 16.Ne5 Rd2 17.Rac1 Bb6 18.Na4 c5 19.Nxc5 Rd5 20.Nxg4 Nxg4 21.
Na4 Ba5 22.b4 Bxb4 23.Rc8+ Bf8 24.h3 Ne5 25.Rb1 g6 26.Rb7 Ra5 27.Nc3 Kg7 
28.Rb5 Rxb5 29.Nxb5 a5 30.Nd4 Nd7 31.Rc7 Nc5 32.Ra7 a4 33.Nb5 Kf6 34.Nc3 
Bh6 35.Kf1 Bxe3 1-0

[Event "N4-R4- Condom / Auch"]
[Site "?"]
[Date "2005.01.09"]
[Round "4"]
[White "Tancogne, Victor"]
[Black "Blondelon, Paul"]
[Result "0-1"]
[WhiteElo "1099"]
[BlackElo "1470"]
[EventDate "2005.??.??"]
[PlyCount "74"]

1.Nf3 d6 2.g3 g6 3.Bg2 Bg7 4.O-O Nf6 5.Nc3 c6 6.b3 O-O 7.Bb2 Na6 8.Ba3 Bd7
9.h3 Qc8 10.Kh2 b5 11.b4 h6 12.Re1 Qc7 13.Rb1 Rac8 14.Qc1 Nb8 15.Nd4 Nh7 
16.Nf3 d5 17.d4 g5 18.Qd1 f5 19.Qd3 f4 20.gxf4 Qxf4+ 21.Kg1 Bf5 22.e3 Bxd3
23.exf4 Bxc2 24.Rbc1 Bg6 25.Nd2 Rxf4 26.Rxe7 Bxd4 27.Nb3 Bxf2+ 28.Kf1 Bg3+
29.Ke2 Rf2+ 30.Ke3 Rcf8 31.Kd4 Rxg2 32.Kc5 Rf6 33.Nd1 Bd6+ 34.Kd4 Bxe7 35.
Bb2 Rf4+ 36.Ke5 Re2+ 37.Ne3 Rxe3# 0-1

[Event "N4-R4- Condom / Auch"]
[Site "?"]
[Date "2005.01.09"]
[Round "4"]
[White "Bougouin, Blaise"]
[Black "Tancogne, Arthur"]
[Result "1-0"]
[WhiteElo "1550"]
[BlackElo "1009"]
[EventDate "2005.??.??"]
[PlyCount "54"]

1.e4 Nc6 2.Bc4 Nh6 3.d4 e5 4.Bxh6 gxh6 5.Qh5 Bb4+ 6.c3 Rf8 7.cxb4 d6 8.a3 
Nxd4 9.Ra2 d5 10.Qxe5+ Be6 11.Bxd5 Nc2+ 12.Kf1 Qh4 13.Nf3 Qe7 14.b3 c6 15.
Bxe6 Rd8 16.Nc3 Nd4 17.Nxd4 Rg8 18.g3 Rg5 19.Qh8+ Qf8 20.Qxf8+ Kxf8 21.Nf3
Rg6 22.Bf5 Rgd6 23.Kg2 Rd3 24.Na4 b5 25.Nc5 R3d6 26.Nb7 Rd3 27.Nxd8 Rxd8 
1-0

[Event "N4 - Rodez - Castres"]
[Site "?"]
[Date "2005.01.09"]
[Round "?"]
[White "Martinez, Jacques"]
[Black "Ginouillac, Philippe"]
[Result "1-0"]
[WhiteElo "1620"]
[BlackElo "1499"]
[EventDate "2005.??.??"]
[PlyCount "53"]

1.e4 d5 2.exd5 Qxd5 3.Nc3 Qa5 4.d4 Bf5 5.Bd2 c6 6.Nge2 h6 7.Ng3 Bh7 8.Be2 
Nd7 9.O-O O-O-O 10.a4 e6 11.Nb5 Bb4 12.Nd6+ Kb8 13.Bxb4 Qxb4 14.Nxf7 Ngf6 
15.Nxh8 Rxh8 16.a5 Re8 17.c4 c5 18.dxc5 Qxc5 19.Qd2 Qc7 20.b4 Rd8 21.Rad1 
Kc8 22.Qe3 Kb8 23.b5 b6 24.axb6 axb6 25.Bf3 Kc8 26.Qxe6 Qb8 27.Qc6+ 1-0

[Event "N4 - Rodez - Castres"]
[Site "?"]
[Date "2005.01.09"]
[Round "?"]
[White "Fournier, Marcellin"]
[Black "Cremers, Bertrand"]
[Result "0-1"]
[WhiteElo "1440"]
[BlackElo "1570"]
[EventDate "2005.??.??"]
[PlyCount "82"]

1.d4 Nf6 2.Nf3 g6 3.c4 Bg7 4.g3 O-O 5.Bg2 d6 6.Nc3 Nbd7 7.O-O e5 8.dxe5 
dxe5 9.Bg5 c6 10.Qc2 Re8 11.Ne4 Qe7 12.Rad1 Nc5 13.Nxc5 Qxc5 14.Nd2 Bg4 
15.Rfe1 Bf5 16.Qb3 Ng4 17.Rf1 e4 18.e3 f6 19.h3 fxg5 20.hxg4 Bxg4 21.Rc1 
Bf5 22.Nb1 b6 23.Nc3 Rad8 24.Rcd1 Rd3 25.Qa4 a5 26.Nd5 Bxb2 27.Rxd3 exd3 
28.Nf6+ Bxf6 29.Bxc6 Rd8 30.Bd5+ Kg7 31.Qb3 Re8 32.e4 Bxe4 33.Bxe4 Rxe4 
34.Qxd3 Qxc4 35.Qd7+ Qf7 36.Qd3 Rd4 37.Qb5 Rb4 38.Qd3 Rb2 39.Qa6 Rxa2 40.
Qxb6 a4 41.Rc1 Ra1 0-1

[Event "N4 - Albi / Cahors"]
[Site "Cahors"]
[Date "2005.01.09"]
[Round "4"]
[White "Montreuille, Pierre"]
[Black "Peccini, Jean Pierre"]
[Result "1-0"]
[WhiteElo "1600"]
[BlackElo "1520"]
[EventDate "2005.??.??"]
[PlyCount "119"]

1.Nf3 Nf6 2.b3 e6 3.Bb2 Be7 4.e3 b6 5.c4 c5 6.d4 d6 7.Bd3 Bb7 8.O-O Nbd7 
9.Re1 O-O 10.e4 cxd4 11.Nxd4 a6 12.h3 Nc5 13.Nc3 Nxd3 14.Qxd3 Qc7 15.Qg3 
Bc8 16.Rad1 e5 17.Nc2 Be6 18.Nb4 a5 19.Nb5 Qd7 20.Nd3 Qb7 21.Qf3 Rfd8 22.
Qe3 Rac8 23.f4 exf4 24.Nxf4 Ne8 25.Nd5 Bxd5 26.exd5 Bf8 27.Qg3 Rd7 28.Re2 
Re7 29.Rde1 Rxe2 30.Rxe2 g6 31.Qc3 f6 32.Re6 Qd7 33.Qd4 Rb8 34.g4 Bg7 35.
Qf4 g5 36.Qf5 Rd8 37.Kf2 Qf7 38.Ba3 Qd7 39.Nxd6 Nxd6 40.Rxd6 Qxf5+ 41.gxf5
Rxd6 42.Bxd6 Bf8 43.Bc7 Bc5+ 44.Kf3 Kf7 45.Kg4 Ke7 46.Kh5 Kd7 47.Bg3 Bf8 
48.h4 gxh4 49.Bxh4 Bg7 50.Bf2 Kc7 51.a3 Bf8 52.Bd4 Bg7 53.Be3 Bf8 54.Bf4+ 
Kd7 55.a4 Bg7 56.Bh6 Bxh6 57.Kxh6 Ke7 58.Kxh7 Kd6 59.Kg7 Ke7 60.Kg6 1-0

[Event "N4 - Albi / Cahors"]
[Site "Cahors"]
[Date "2005.01.09"]
[Round "4"]
[White "Lopez, Jacky"]
[Black "Savignac, Remy"]
[Result "1/2-1/2"]
[WhiteElo "1540"]
[BlackElo "1610"]
[EventDate "2005.??.??"]
[PlyCount "91"]

1.d4 d5 2.c4 e6 3.a3 Nf6 4.Nc3 Be7 5.Nf3 c6 6.Bf4 Nbd7 7.e3 Nf8 8.Bd3 Ng6 
9.Bg3 O-O 10.O-O a6 11.b4 Bd7 12.Rc1 Rc8 13.c5 Ne8 14.Qd2 f5 15.Ne2 Nf6 
16.Be5 Ne4 17.Ng3 Rf7 18.Qe2 Rf8 19.Nh5 Nf6 20.Nxf6+ Bxf6 21.Bxf6 Qxf6 22.
g3 Rce8 23.Bc2 e5 24.dxe5 Nxe5 25.Nd4 Nc4 26.Qd3 Ne5 27.Qe2 Ng6 28.Rce1 
Ne5 29.Bb1 Bc8 30.Bc2 Ng4 31.Qf3 Ne5 32.Qe2 Qh6 33.f4 Ng4 34.Qd2 Qg6 35.
Nf3 Qf6 36.Nd4 Re7 37.Re2 Rfe8 38.Rfe1 Qf7 39.Qd3 g6 40.Bd1 Qg7 41.Qd2 Nf6
42.Bc2 Qf7 43.Nf3 Nd7 44.Qd3 h6 45.Nd4 Nf6 46.Qd2 1/2-1/2

[Event "N4 Tarbes - Ramonville"]
[Site "?"]
[Date "2005.01.09"]
[Round "4"]
[White "Rich, Philippe"]
[Black "Bolon, Karelle"]
[Result "1-0"]
[WhiteElo "1980"]
[BlackElo "2042"]
[PlyCount "85"]

1.c4 e5 2.Nc3 Nc6 3.Nf3 g6 4.d4 exd4 5.Nd5 Bg7 6.Bg5 Nce7 7.Nxd4 c6 8.Nc3 
Qb6 9.Nb3 Qb4 10.e4 d5 11.Bd2 dxc4 12.Nd5 Qd6 13.Bb4 Qe5 14.Nxe7 Nxe7 15.
Nd2 Qxb2 16.Rb1 Qe5 17.Bxc4 b5 18.O-O O-O 19.Nf3 Qc7 20.Bd6 Qd7 21.Bb3 h6 
22.Qd2 Re8 23.Rbc1 Bb7 24.Rfd1 Rad8 25.Qf4 Rf8 26.Bc7 Nd5 27.exd5 Rc8 28.
dxc6 Qxc7 29.Qxc7 Rxc7 30.cxb7 Rxb7 31.Rc5 a5 32.g3 a4 33.Bd5 Rb6 34.Rc7 
b4 35.Rb1 b3 36.axb3 a3 37.Ra7 Bb2 38.Ne1 Rd6 39.Bc4 Rc6 40.Nd3 Rc7 41.
Rxc7 a2 42.Rd1 Bd4 43.b4 1-0

[Event "N4 Tarbes - Ramonville"]
[Site "?"]
[Date "2005.01.09"]
[Round "4"]
[White "Pueyo, David"]
[Black "Faure, Nicolas"]
[Result "1-0"]
[WhiteElo "2096"]
[BlackElo "2004"]
[PlyCount "61"]

1.e4 e5 2.Nf3 Nf6 3.Nxe5 d6 4.Nf3 Nxe4 5.d4 d5 6.h3 Nc6 7.Bd3 Nb4 8.Bb5+ 
c6 9.Be2 c5 10.a3 Nc6 11.O-O cxd4 12.Nxd4 Bc5 13.Be3 Qb6 14.Bb5 O-O 15.
Bxc6 bxc6 16.b4 Bxd4 17.Bxd4 Qd8 18.Nd2 Re8 19.Nxe4 Rxe4 20.Re1 Rh4 21.Qd3
Bd7 22.c3 Rh6 23.Re3 a5 24.Rg3 Rg6 25.Re1 Be6 26.Qe3 Qd6 27.Be5 Rxg3 28.
Qxg3 Qf8 29.Bd4 axb4 30.cxb4 Rb8 31.Bxg7 1-0

[Event "N4 Tarbes - Ramonville"]
[Site "?"]
[Date "2005.01.09"]
[Round "4"]
[White "Lemoine, Benoit"]
[Black "Bedos, Michel"]
[Result "1/2-1/2"]
[WhiteElo "2152"]
[BlackElo "2280"]
[PlyCount "50"]

1.e4 c5 2.Nf3 Nc6 3.Nc3 g6 4.d4 cxd4 5.Nxd4 Bg7 6.Be3 Nf6 7.Nxc6 bxc6 8.e5
Ng8 9.Bd4 Qa5 10.e6 Nf6 11.exd7+ Bxd7 12.Bc4 Bf5 13.Qe2 O-O 14.O-O e5 15.
Qxe5 Qb4 16.Qc5 Qxb2 17.Nd5 Ne4 18.Ne7+ Kh8 19.Bxb2 Nxc5 20.Bxg7+ Kxg7 21.
Nxf5+ gxf5 22.Rfe1 Kf6 23.Rad1 Rad8 24.f3 Ne6 25.Kf2 Rg8 1/2-1/2

[Event "N4 Tarbes - Ramonville"]
[Site "?"]
[Date "2005.01.09"]
[Round "4"]
[White "Lacomme"]
[Black "Galby, Vassili"]
[Result "1-0"]
[WhiteElo "1940"]
[BlackElo "1941"]
[PlyCount "87"]

1.d4 Nf6 2.Bf4 g6 3.Nc3 d5 4.Qd2 a6 5.f3 Nc6 6.O-O-O e6 7.e4 Bg7 8.e5 Ng8 
9.g4 Qe7 10.h4 Bd7 11.Re1 h6 12.g5 h5 13.a3 O-O-O 14.Be3 Kb8 15.Bd3 Qe8 
16.Nge2 Nge7 17.Ng3 Na7 18.f4 Rc8 19.Kb1 Bb5 20.Qe2 Bxd3 21.Qxd3 Qd7 22.
Rc1 Nec6 23.Nf1 Na5 24.Nd2 Rhd8 25.b4 N5c6 26.Nb3 Bf8 27.Kb2 Ka8 28.Ra1 
Nb8 29.Rhb1 b6 30.Kc1 c5 31.bxc5 bxc5 32.dxc5 d4 33.Bxd4 Nbc6 34.Na4 Rb8 
35.Qe4 Nb5 36.Nb6+ Rxb6 37.cxb6 Kb8 38.c3 Ncxd4 39.Nxd4 Rc8 40.Nxb5 Be7 
41.Qd4 Qc6 42.Nd6 Qh1+ 43.Kc2 Qh2+ 44.Qd2 1-0

[Event "N4 Ramonville - Tarbes"]
[Site "?"]
[Date "2005.01.09"]
[Round "4"]
[White "Tromp, Hendrik"]
[Black "Langlois"]
[Result "1-0"]
[WhiteElo "1980"]
[BlackElo "1920"]
[PlyCount "126"]

1.Nf3 d5 2.c4 c6 3.e3 Nf6 4.Nc3 e6 5.b3 Bd6 6.Bb2 Nbd7 7.d4 O-O 8.Qc2 b6 
9.Bd3 Bb7 10.O-O Rc8 11.Qe2 Re8 12.Rfd1 e5 13.dxe5 Nxe5 14.Nxe5 Bxe5 15.
Bf5 Rc7 16.cxd5 Nxd5 17.Nxd5 cxd5 18.Bxh7+ Kf8 19.Ba3+ Bd6 20.Bxd6+ Qxd6 
21.Bf5 Qe5 22.Bg4 f5 23.Bh5 Rec8 24.Bf3 g5 25.g3 g4 26.Bg2 Rc3 27.Qd2 Rc2 
28.Qd4 Qxd4 29.Rxd4 Rc1+ 30.Rd1 R1c5 31.b4 Rc4 32.a3 Ke7 33.Bxd5 Bxd5 34.
Rxd5 Ke6 35.Rad1 R8c6 36.R1d2 Rc3 37.R5d3 R3c4 38.Kg2 Rc1 39.h3 gxh3+ 40.
Kxh3 Rh1+ 41.Kg2 Rh7 42.Rd4 a6 43.a4 b5 44.axb5 axb5 45.Rd5 Rb7 46.R2d4 
Rbb6 47.Rd8 Rd6 48.R8xd6+ Rxd6 49.Rxd6+ Kxd6 50.Kf3 Kd5 51.Ke2 Kc4 52.Kd2 
Kxb4 53.Kc2 Kc4 54.f3 b4 55.g4 fxg4 56.fxg4 b3+ 57.Kb2 Kd5 58.Kxb3 Ke6 59.
Kc4 Kf6 60.e4 Ke5 61.g5 Ke6 62.Kd4 Kf7 63.Ke5 Kg6 1-0

[Event "N4 Ramonville - Tarbes"]
[Site "?"]
[Date "2005.01.09"]
[Round "4"]
[White "Legros, Jean-Luc"]
[Black "Pueyo, A."]
[Result "0-1"]
[WhiteElo "1990"]
[BlackElo "2020"]
[PlyCount "122"]

1.e4 c5 2.Nf3 Nc6 3.d4 cxd4 4.Nxd4 Nf6 5.Nc3 g6 6.Be3 Bg7 7.Bc4 O-O 8.h4 
h5 9.f3 d6 10.Qd2 Bd7 11.O-O-O Rc8 12.Bb3 Ne5 13.Bh6 Nc4 14.Bxc4 Rxc4 15.
Bxg7 Kxg7 16.g4 Qa5 17.Nb3 Qc7 18.e5 dxe5 19.g5 Bf5 20.gxf6+ exf6 21.Qd6 
Qc8 22.Rh2 Rc6 23.Qd2 Qc7 24.Nd5 Qd6 25.Ne3 Qe6 26.Qd5 Rfc8 27.Qxe6 Bxe6 
28.Rhd2 f5 29.Rd8 R8c7 30.R1d2 Ra6 31.Kb1 Ra4 32.Ng2 Kf6 33.Nc1 Ke7 34.b3 
Ra5 35.R8d6 Rac5 36.Ne2 f4 37.Ne1 f6 38.Kb2 g5 39.Rd8 Rc8 40.Rxc8 Rxc8 41.
Nd3 g4 42.Nexf4 exf4 43.Nxf4 gxf3 44.Nxh5 Rh8 45.Nf4 Bf5 46.h5 Kf7 47.Kc3 
Rg8 48.Kd4 Rd8+ 49.Ke3 Rxd2 50.Kxd2 Be4 51.c3 Kg7 52.Ke3 Bc6 53.Ne6+ Kh6 
54.Nd4 Kxh5 55.Nxf3 
    ( 55.Nxc6 bxc6 56.Kxf3 Kg5 57.a4 Kf5 58.b4 Ke5 59.Ke3 f5 60.c4 f4+ 61.
    Kf3 Kd4 62.b5 cxb5 63.cxb5 Kc4 64.Kxf4 Kb4 65.Ke4 Kxa4 66.Kd3 Kxb5 67.
    Kc2 )
55...Bxf3 56.Kxf3 Kg5 57.a4 Kf5 58.c4 Ke5 59.b4 Kd4 60.c5 Kc4 61.a5 a6 0-1

[Event "N4 Ramonville - Tarbes"]
[Site "?"]
[Date "2005.01.09"]
[Round "4"]
[White "Decosse, Jean-Fabien"]
[Black "Tugaye, Francis"]
[Result "1/2-1/2"]
[WhiteElo "2209"]
[BlackElo "2110"]
[PlyCount "141"]

1.d4 Nf6 2.c4 c5 3.d5 b5 4.cxb5 a6 5.b6 d6 6.Nc3 Nbd7 7.Nf3 g6 8.e4 Bg7 9.
a4 a5 10.Bb5 Bb7 11.O-O O-O 12.Re1 Nxb6 13.Bf4 Ne8 14.Rc1 Nc7 15.Bc6 Bxc6 
16.dxc6 Ne6 17.Be3 Rc8 18.Qd3 Rxc6 19.Qb5 Qa8 20.Nd5 Nc8 21.Bd2 Nc7 22.
Qxa5 Qxa5 23.Bxa5 Nxd5 24.exd5 Ra6 25.b4 cxb4 26.Bxb4 Rxa4 27.Bc3 Bxc3 28.
Rxc3 Nb6 29.Rd3 Re8 30.g3 Ra5 31.Red1 Kg7 32.Nh4 Rc8 33.Ng2 Rcc5 34.Ne3 
Nc4 35.Nxc4 Rxc4 36.Re3 Rcc5 37.Rxe7 Rxd5 38.Rb1 Ra2 39.Re3 Rf5 40.Rf1 Kf6
41.Kg2 d5 42.Rf3 Rxf3 43.Kxf3 Ra3+ 44.Kf4 g5+ 45.Kg4 Kg6 46.Rb1 d4 47.Rb6+
f6 48.Rd6 h5+ 49.Kh3 Ra4 50.g4 h4 51.Kg2 Kf7 52.Kf3 Ke7 53.Rd5 Ke6 54.Rd8 
Ra3+ 55.Ke4 Rh3 56.Rxd4 Rxh2 57.Kf3 f5 58.gxf5+ Ke5 59.Ra4 Kxf5 60.Ra5+ 
Kg6 61.Ra8 Rh1 62.Kg2 Rb1 63.Ra5 Rb4 64.Rc5 Kf6 65.Ra5 Re4 66.Ra8 Rg4+ 67.
Kh3 Rf4 68.Kg2 Kf5 69.Rf8+ Ke5 70.Re8+ Kf5 71.Rf8+ 1/2-1/2

[Event "N4 Ramonville - Tarbes"]
[Site "?"]
[Date "2005.01.09"]
[Round "?"]
[White "Xanthakis, Spyros"]
[Black "Varmot"]
[Result "1-0"]
[WhiteElo "1730"]
[BlackElo "1890"]
[PlyCount "43"]

1.e4 c5 2.Nc3 e6 3.f4 Nc6 4.Nf3 g6 5.Bc4 Bg7 6.O-O d6 7.d3 Nge7 8.Qe1 O-O 
9.a3 d5 10.Ba2 a6 11.Qh4 b5 12.f5 gxf5 13.Bh6 dxe4 14.Ng5 Ng6 15.Qh5 Qd4+ 
16.Kh1 exd3 17.Nxh7 Rd8 18.Rxf5 c4 19.Rxf7 Kxf7 20.Rf1+ Kg8 21.Qxg6 Kh8 
22.Ng5 1-0

[Event "R1 Libre Echiquier Muret-CEIT4"]
[Site "Libre Echiquier Muret"]
[Date "2005.02.05"]
[Round "5"]
[White "Moruz, Patrick"]
[Black "Tovar Gonzales, Jesus Antonio"]
[Result "0-1"]
[WhiteElo "1499"]
[BlackElo "1570"]
[EventDate "2005.??.??"]
[PlyCount "96"]

1.e4 c5 2.Bc4 Nc6 3.Nf3 Nf6 4.d3 a6 5.a3 b5 6.Ba2 Bb7 7.Be3 e6 8.Nc3 Qc7 
9.g3 O-O-O 10.Bd2 Bd6 11.Ne2 h5 12.Bc3 Ng4 13.Qd2 f6 14.Nh4 Nge5 15.f4 Ng4
16.h3 Nh6 17.Ng6 Rhe8 18.Qe3 b4 19.axb4 Nxb4 20.Bb3 Nf7 21.Rh2 Rg8 22.Qd2 
Rde8 23.Bc4 Qc6 24.Qc1 Nd8 25.Bd2 Kc7 26.c3 Nxd3+ 27.Bxd3 e5 28.f5 c4 29.
Bc2 Qc5 30.Be3 Qc6 31.g4 hxg4 32.hxg4 Bc5 33.Ng3 Bxe3 34.Qxe3 Qb5 35.Rd2 
Nc6 36.Rd5 Qxb2 37.Qc1 Qb6 38.Ne2 Ne7 39.Rc5+ Qxc5 40.Nxe7 Rxe7 41.Qd2 Rh8
42.Ng3 Qg1+ 43.Nf1 Rh1 44.Qe2 d5 45.Rd1 Rh2 46.Qf3 Rxc2 47.exd5 Rd7 48.Qe4
Rb2 0-1

[Event "R1 Libre Echiquier Muret-CEIT4"]
[Site "Libre Echiquier Muret"]
[Date "2005.02.05"]
[Round "5"]
[White "Monteils, Fernand"]
[Black "Aflallo, Fortunio"]
[Result "0-1"]
[WhiteElo "1670"]
[BlackElo "1650"]
[EventDate "2005.??.??"]
[PlyCount "70"]

1.e4 e5 2.Nf3 Nc6 3.Nc3 Nf6 4.Bc4 Bc5 5.d3 d6 6.h3 Na5 7.Bb3 Nxb3 8.axb3 
c6 9.O-O O-O 10.Na4 Bb4 11.Be3 c5 12.c4 Ne8 13.Nc3 Nc7 14.Nd5 Nxd5 15.cxd5
h6 16.Bd2 Bxd2 17.Qxd2 f5 18.b4 b6 19.bxc5 bxc5 20.Qc3 a5 21.Ra3 Bd7 22.
Rfa1 a4 23.b3 Qe8 24.Nd2 f4 25.Nc4 Qg6 26.Kh2 f3 27.Rg1 fxg2 28.Rxg2 Qh5 
29.Qd2 Bxh3 30.Rg3 Bg4+ 31.Kg2 axb3 32.Rxa8 Bf3+ 33.Rxf3 Qxf3+ 34.Kg1 Rxa8
35.Na5 b2 0-1

[Event "R1 Libre Echiquier Muret-CEIT4"]
[Site "Libre Echiquier Muret"]
[Date "2005.02.05"]
[Round "5"]
[White "Laffont, Jean-Christophe"]
[Black "Ardolade, Jean-Michel"]
[Result "0-1"]
[WhiteElo "1530"]
[BlackElo "1520"]
[EventDate "2005.??.??"]
[PlyCount "22"]

1.f4 Nf6 2.Nf3 e5 3.fxe5 Nh5 4.e3 Nc6 5.Be2 Nxe5 6.O-O Ng4 7.Nd4 Nxh2 8.
Kxh2 Qh4+ 9.Kg1 Ng3 10.Rf3 Qh1+ 11.Kf2 Ne4# 0-1

[Event "R1 Libre Echiquier Muret-CEIT4"]
[Site "Libre Echiquier Muret"]
[Date "2005.02.05"]
[Round "5"]
[White "Favarel, Alexis"]
[Black "Fouhami, Abderrabi"]
[Result "0-1"]
[WhiteElo "1640"]
[BlackElo "1480"]
[EventDate "2005.??.??"]
[PlyCount "58"]

1.e4 e5 2.Nf3 d6 3.Bc4 h6 4.d3 Bg4 5.Nc3 c6 6.Be3 Qf6 7.h3 Bh5 8.d4 Nd7 9.
g4 Bg6 10.dxe5 dxe5 11.Qe2 Bb4 12.Bd2 Nb6 13.Bb3 a5 14.a3 Bd6 15.Be3 Qd8 
16.O-O-O f6 17.Bxb6 Qxb6 18.Rxd6 Ne7 19.Nd5 Nxd5 20.exd5 Bf7 21.dxc6 Bxb3 
22.cxb3 Qc5+ 23.Kb1 Qxd6 24.cxb7 Ra7 25.Qc4 Kd7 26.Qf7+ Kc6 27.Rc1+ Kb6 
28.Rc8 Rxb7 29.Qc4 Rxc8 0-1

[Event "R1 Libre Echiquier Muret-CEIT4"]
[Site "Libre Echiquier Muret"]
[Date "2005.02.05"]
[Round "5"]
[White "Costamagna, Yves"]
[Black "Lenoir, Patrice"]
[Result "1-0"]
[WhiteElo "1420"]
[BlackElo "1470"]
[EventDate "2005.??.??"]
[PlyCount "111"]

1.d4 Nf6 2.g3 e6 3.Bg2 d5 4.Nf3 c5 5.O-O Nc6 6.c3 Be7 7.Nbd2 Qc7 8.Nb3 b6 
9.Bf4 Qd8 10.Ne5 Bb7 11.Nxc6 Bxc6 12.Nc1 Bd6 13.Nd3 Bxf4 14.Nxf4 O-O 15.
Nd3 Nd7 16.a4 Rc8 17.e3 Qc7 18.b4 c4 19.Nf4 Nf6 20.b5 Bb7 21.Nh5 Qe7 22.a5
Nxh5 23.Qxh5 Ra8 24.a6 Bc8 25.Rfe1 Bd7 26.Reb1 Qe8 27.e4 Bxb5 28.exd5 exd5
29.Bxd5 Rc8 30.Bb7 Bc6 31.d5 Bxb7 32.axb7 Rb8 33.Rxa7 Qd8 34.Qf3 Re8 35.
Ra8 Rxa8 36.bxa8=Q Qxa8 37.Rxb6 Qa5 38.Rc6 Rd8 39.Rxc4 Qa1+ 40.Kg2 Qa8 41.
Rd4 Kf8 42.c4 Ke7 43.Re4+ Kf8 44.Qe3 Qb7 45.Qc5+ Kg8 46.Re7 Qb8 47.Qc7 
Qxc7 48.Rxc7 Kf8 49.f4 Ke8 50.Kf3 Ra8 51.Ke4 Ra2 52.h4 Rd2 53.c5 Rg2 54.d6
Rxg3 55.c6 Rc3 56.Rc8# 1-0